[Event "FICGS W-ch st1 g19 email"]
[Site "FICGS email"]
[Date "2010.07.02"]
[Round "1"]
[White "Dorin, Iacob"]
[Black "Csoma, Robert"]
[Result "1-0"]
[WhiteElo "2093"]
[BlackElo "1583"]
[PlyCount "39"]
[EventDate "2010.??.??"]
[EventType "tourn (corr)"]
[EventRounds "5"]
[SourceTitle "Corr 2013"]
[Source "ChessBase"]
[SourceDate "2012.11.12"]
[SourceVersion "1"]
[SourceVersionDate "2012.11.12"]
[SourceQuality "1"]

1. Nf3 d5 2. g3 c5 3. d4 Nc6 4. c3 e6 5. Bg2 Nf6 6. 0-0 Be7 7. Ne5 Qc7 8. Bf4 Bd6 9. Qa4 Bd7 10. Nxd7 Nxd7 11. Bxd6 Qxd6 12. Na3 0-0 13. e4 dxe4 14. Bxe4 cxd4 15. Nb5 Qe7 16. Bxc6 bxc6 17. Nxd4 c5 18. Nc6 Qd6 19. Rad1 Qc7 20. Ne7+ 1-0

[Event "FICGS class A 000071 email"]
[Site "FICGS email"]
[Date "2010.05.15"]
[Round "1"]
[White "Dorin, Iacob"]
[Black "Riha, Josef"]
[Result "1-0"]
[WhiteElo "2098"]
[BlackElo "2054"]
[PlyCount "133"]
[EventDate "2010.??.??"]
[EventType "tourn (corr)"]
[EventRounds "6"]
[SourceTitle "Corr 2013"]
[Source "ChessBase"]
[SourceDate "2012.11.12"]
[SourceVersion "1"]
[SourceVersionDate "2012.11.12"]
[SourceQuality "1"]

1. Nf3 f5 2. c4 d6 3. d4 Nf6 4. Nc3 g6 5. g3 Bg7 6. Bg2 Nc6 7. 0-0 0-0 8. Qc2 e6 9. a3 d5 10. cxd5 exd5 11. Bg5 Be6 12. Rac1 Qd7 13. Na4 Ne4 14. Nc5 Nxc5 15. Qxc5 h6 16. Bd2 g5 17. e3 a6 18. Qc2 Rab8 19. h4 Qe7 20. hxg5 hxg5 21. Qb3 Qd8 22. Rc5 Kh8 23. Rfc1 Bh6 24. Qc2 Bg7 25. b4 Bf6 26. Qb3 Qd6 27. a4 g4 28. Ne1 Ne7 29. Nd3 c6 30. b5 axb5 31. axb5 Rfe8 32. Bb4 Qc7 33. R5c3 Bg5 34. Qc2 Rbc8 35. Ra1 Kg8 36. Bxe7 Bxe7 37. bxc6 bxc6 38. Ra6 Qd7 39. Ne5 Qb7 40. Raxc6 Rxc6 41. Rxc6 Rc8 42. Rxc8+ Qxc8 43. Qxc8+ Bxc8 44. Bxd5+ Kg7 45. Nd3 Ba6 46. Nf4 Kf6 47. Kg2 Bd6 48. f3 gxf3+ 49. Kxf3 Bc8 50. Nd3 Be7 51. Nc5 Bf8 52. Ke2 Bd6 53. Kf2 Bf8 54. Bg2 Bg7 55. Bh3 Ke7 56. Nd3 Kf6 57. Nf4 Kg5 58. Ke1 Bh8 59. Kd2 Bb7 60. Kc3 Bf3 61. Kc4 Bf6 62. d5 Be7 63. Kb5 Bd6 64. Kc6 Bb8 65. Ne6+ Kf6 66. Nd4 Bh1 67. Nxf5 1-0

[Event "FICGS class A 000071 email"]
[Site "FICGS email"]
[Date "2010.05.15"]
[Round "1"]
[White "Fric, Lubos"]
[Black "Dorin, Iacob"]
[Result "1-0"]
[WhiteElo "2162"]
[BlackElo "2098"]
[PlyCount "75"]
[EventDate "2010.??.??"]
[EventType "tourn (corr)"]
[EventRounds "6"]
[SourceTitle "Corr 2013"]
[Source "ChessBase"]
[SourceDate "2012.11.12"]
[SourceVersion "1"]
[SourceVersionDate "2012.11.12"]
[SourceQuality "1"]

1. c4 Nf6 2. d4 e6 3. Nf3 b6 4. g3 Bb7 5. Bg2 Qc8 6. Nc3 Bb4 7. 0-0 Bxc3 8. bxc3 d6 9. Re1 0-0 10. Bh3 Qe8 11. Nd2 Nc6 12. e4 Na5 13. Bf1 e5 14. Bd3 Ba6 15. f4 exf4 16. gxf4 Qc6 17. Ba3 g6 18. Bb4 Rfe8 19. e5 Bxc4 20. Nxc4 Nxc4 21. exf6 a5 22. f5 axb4 23. Qg4 d5 24. fxg6 hxg6 25. Bxg6 Rxe1+ 26. Rxe1 Qxf6 27. Bxf7+ Kxf7 28. Qd7+ Kf8 29. Rf1 Qxf1+ 30. Kxf1 bxc3 31. Ke1 c2 32. Qf5+ Kg7 33. Qxc2 Re8+ 34. Kf2 Re4 35. Qd1 c6 36. a4 Re6 37. Qg4+ Kf7 38. h4 1-0

[Event "FICGS class A 000062 email"]
[Site "FICGS email"]
[Date "2009.12.16"]
[Round "1"]
[White "Bernal Varela, Nelson"]
[Black "Dorin, Iacob"]
[Result "1/2-1/2"]
[WhiteElo "2128"]
[BlackElo "2078"]
[PlyCount "61"]
[EventDate "2009.??.??"]
[EventType "tourn (corr)"]
[EventRounds "6"]
[SourceTitle "Corr 2022"]
[Source "ChessBase"]
[SourceDate "2021.10.24"]
[SourceVersion "1"]
[SourceVersionDate "2021.10.24"]
[SourceQuality "1"]

1. e4 c6 2. d4 d5 3. exd5 cxd5 4. c4 Nc6 5. cxd5 Qxd5 6. Nf3 e6 7. Nc3 Qd8 8. Bd3 Nf6 9. 0-0 Be7 10. Be3 0-0 11. Rc1 b6 12. Ne4 Nb4 13. Nxf6+ Bxf6 14. Be4 Nd5 15. Qd3 h6 16. Bd2 a5 17. Rfe1 Ba6 18. Qb3 Qd6 19. Bxd5 exd5 20. Qa4 Rac8 21. Rxc8 Bxc8 22. Ne5 Be6 23. b4 Ra8 24. a3 Qb8 25. Qc2 axb4 26. Bxb4 Qd8 27. h3 Rc8 28. Qd3 Qc7 29. Qb5 Qd8 30. Qd3 Rc7 31. Nf3 1/2-1/2

[Event "FICGS class A 000062 email"]
[Site "FICGS email"]
[Date "2009.12.16"]
[Round "1"]
[White "Soszynski, Marek J"]
[Black "Dorin, Iacob"]
[Result "1-0"]
[WhiteElo "2092"]
[BlackElo "2078"]
[PlyCount "53"]
[EventDate "2009.??.??"]
[EventType "tourn (corr)"]
[EventRounds "6"]
[SourceTitle "Corr 2022"]
[Source "ChessBase"]
[SourceDate "2021.10.24"]
[SourceVersion "1"]
[SourceVersionDate "2021.10.24"]
[SourceQuality "1"]

1. e4 c6 2. Nc3 d5 3. Qf3 d4 4. Bc4 e6 5. Nce2 c5 6. Qg3 Nf6 7. e5 Nd5 8. a3 Nc6 9. Nf3 g6 10. b4 b6 11. 0-0 Bg7 12. d3 Nce7 13. bxc5 bxc5 14. Qh3 h5 15. Bg5 Bb7 16. Ng3 Nc3 17. Nd2 Qc7 18. Rae1 Ned5 19. Nde4 Nxe4 20. Nxe4 0-0 21. Bxd5 Bxd5 22. Nf6+ Bxf6 23. Bxf6 Kh7 24. f4 Rg8 25. g4 c4 26. Kf2 cxd3 27. cxd3 1-0

[Event "FICGS W-ch st1 g09 email"]
[Site "FICGS email"]
[Date "2008.07.08"]
[Round "1"]
[White "Bernal Varela, Nelson"]
[Black "Dorin, Iacob"]
[Result "1/2-1/2"]
[WhiteElo "2078"]
[BlackElo "1936"]
[PlyCount "60"]
[EventDate "2008.??.??"]
[EventType "tourn (corr)"]
[EventRounds "8"]
[SourceTitle "Corr 2022"]
[Source "ChessBase"]
[SourceDate "2021.10.24"]
[SourceVersion "1"]
[SourceVersionDate "2021.10.24"]
[SourceQuality "1"]

1. e4 e5 2. Nf3 Nc6 3. Bb5 a6 4. Ba4 Nf6 5. 0-0 b5 6. Bb3 Bb7 7. d3 Bc5 8. Nc3 d6 9. Bg5 h6 10. Bxf6 Qxf6 11. Nd5 Qd8 12. c3 0-0 13. d4 Ba7 14. a4 exd4 15. cxd4 Ne7 16. Qd3 Nxd5 17. exd5 Qd7 18. Rfe1 Bb6 19. a5 Ba7 20. Re4 Rae8 21. Rae1 Qf5 22. g4 Qh7 23. Nh4 Rxe4 24. Rxe4 Bc8 25. Qe3 g5 26. Nf3 Qg6 27. h3 f5 28. Re6 Rf6 29. Rxf6 Qxf6 30. Qe8+ Qf8 1/2-1/2

[Event "FICGS W-ch st1 g09 email"]
[Site "FICGS email"]
[Date "2008.07.08"]
[Round "1"]
[White "Davis, Mark"]
[Black "Dorin, Iacob"]
[Result "0-1"]
[WhiteElo "1600"]
[BlackElo "1936"]
[PlyCount "34"]
[EventDate "2008.??.??"]
[EventType "tourn (corr)"]
[EventRounds "8"]
[SourceTitle "Corr 2022"]
[Source "ChessBase"]
[SourceDate "2021.10.24"]
[SourceVersion "1"]
[SourceVersionDate "2021.10.24"]
[SourceQuality "1"]

1. e4 e5 2. d4 exd4 3. Qxd4 Nc6 4. Qd1 Nf6 5. Nc3 Bb4 6. Bd3 d5 7. exd5 Qxd5 8. Nf3 Bg4 9. Qe2+ Kf8 10. 0-0 Bxc3 11. bxc3 Re8 12. Qd1 Ne5 13. Be2 h5 14. Nxe5 Qxe5 15. Bxg4 hxg4 16. Ba3+ Kg8 17. Qd2 Qxh2# 0-1

[Event "FICGS rapid A 000046 email"]
[Site "FICGS email"]
[Date "2008.05.27"]
[Round "1"]
[White "Dorin, Iacob"]
[Black "Khachaturov, Vadim"]
[Result "1/2-1/2"]
[WhiteElo "1943"]
[BlackElo "1979"]
[PlyCount "60"]
[EventDate "2008.??.??"]
[EventType "tourn (rapid)"]
[EventRounds "6"]
[SourceTitle "Corr 2022"]
[Source "ChessBase"]
[SourceDate "2021.10.24"]
[SourceVersion "1"]
[SourceVersionDate "2021.10.24"]
[SourceQuality "1"]

1. Nf3 Nf6 2. g3 d5 3. Bg2 c5 4. 0-0 Nc6 5. d4 e6 6. c4 dxc4 7. dxc5 Qxd1 8. Rxd1 Bxc5 9. Nbd2 c3 10. bxc3 0-0 11. Nb3 Be7 12. Nfd4 Nxd4 13. cxd4 Nd5 14. e4 Nc3 15. Re1 Bd7 16. d5 exd5 17. exd5 Rfe8 18. Be3 Rac8 19. Bxa7 Bf6 20. Nc5 Ne2+ 21. Kh1 Bf5 22. Rad1 Bd4 23. Bf3 Bxc5 24. Bxc5 Rxc5 25. Rxe2 Rxe2 26. Bxe2 Bc2 27. Rd4 Rxd5 28. Rc4 Bf5 29. Kg2 Rd2 30. Bf3 Rxa2 1/2-1/2